000 00327nam a2200133Ia 4500
005 20260328104310.0
008 260328s9999||||xx |||||||||||||| ||und||
100 _aLechner, Robert
245 0 _aNachhaltiges Bauen in Österreich /
_cRobert Lechner
260 _bWeibbuch
300 _a101 p.
650 _aPLANOS
942 _cBK
999 _c10915
_d10915